01904nam a22002777a 450000500170000000800410001704000250005804100080008304400070009108200170009811000340011524500970014926000370024630000330028350501930031665000310050965000540054065000370059465000380063170000460066994200150071599900170073095202930074795202930104095202930133320150703130837.0150703b2007 ck ||||| |||| 00| 0 spa d aCO-BoIAVHcCO-BoIAVH aspa ack a303.44bA47m1 aWorld Wildlife Fund-WWF928851 aMejoramiento del proceso organizativo y de la población afrocolombiana como grupo étnico3 aBogotá:bWWF- Colombia,c2007. a40 p.bfot. il. col.c28 cm. aPt. 1 Territorio autonomia. Pt, 2 Desarrollo, ordenamiento y planificación del territorio. Pt. 3 Gestión ambiental del territorio. Pt. 4 Liderazgos. Pt. 5 Estrategia de comunicación. 4aGestión Ambiental935188 4aGestión AmbientalxComunidadeszColombia935189 4aManejo forestalzColombia935190 4aComunidades afrocolombianas934141 aAlvarez Cortés, ClaudiaeEditora935191 2ddccLIBRO c17520d17520 00102ddc40708GENERALDCD-ROMIINV2017aBogotabBogotad2015-07-03eInstitutog39000.00l0oLB-303.44 A47mp039104r2015-07-03 00:00:00tEj. 1w2015-07-03xDonaciónyLIBROzIncluye CD-ROM con presentaciones, documentos y fotografias en el trabajo con comunidades negra (Cod. 042034). 00102ddc40708GENERALDCD-ROMIINV2017aVenadobVenadod2015-07-03eInstitutog39000.00l0oLB-303.44 A47mp042082r2015-07-03 00:00:00tEj. 2w2015-07-03xDonaciónyLIBROzIncluye CD-ROM con presentaciones, documentos y fotografias en el trabajo con comunidades negra (Cod. 042035). 00102ddc40708GENERALDCD-ROMIINV2017aBogotabBogotad2015-07-10eInstitutog39000.00l0oLB-303.44 A47mp038756r2015-07-10 00:00:00tEj. 3w2015-07-10xDonaciónyLIBROzIncluye CD-ROM con presentaciones, documentos y fotografias en el trabajo con comunidades negra (Cod. 038757).